[Event "Mittelfranken Landesliga Nord 2223"]
[Site "Mittelfranken"]
[Date "2023.03.19"]
[Round "8.3"]
[White "Schmid, Bernhard"]
[Black "Kotz, Reinhard"]
[Result "1/2-1/2"]
[WhiteElo "2086"]
[BlackElo "2135"]
[PlyCount "75"]
[EventDate "2022.10.09"]
[EventType "team-tourn"]
[EventRounds "9"]
[EventCountry "GER"]
[SourceTitle "EXT 2024"]
[Source "ChessBase"]
[SourceDate "2023.10.10"]
[SourceVersion "1"]
[SourceVersionDate "2023.10.10"]
[SourceQuality "1"]
[WhiteTeam "Kelheim"]
[BlackTeam "Herzogenaurach"]
[WhiteTeamCountry "GER"]
[BlackTeamCountry "GER"]

1. d4 Nf6 2. c4 g6 3. Nc3 Bg7 4. e4 d6 5. Be2 0-0 6. Bg5 c5 7. d5 h6 8. Be3 e6 9. Qd2 exd5 10. exd5 Kh7 11. h4 h5 12. Nf3 Re8 13. 0-0 Nbd7 14. Bf4 Ne5 15. Nxe5 dxe5 16. Bg5 Bf5 17. f3 Qb6 18. Be3 Rac8 19. Bd3 Bxd3 20. Qxd3 Kg8 21. Ne4 Nd7 22. b4 f5 23. Nxc5 e4 24. fxe4 Ne5 25. Qd1 Ng4 26. Bf2 fxe4 27. d6 Rcd8 28. d7 Rf8 29. Qd5+ Kh7 30. Ne6 e3 31. c5 Qxb4 32. Bg3 Rxf1+ 33. Rxf1 e2 34. Ng5+ Kh8 35. Nf7+ Kh7 36. Ng5+ Kh8 37. Nf7+ Kh7 38. Ng5+ 1/2-1/2

[Event "Mittelfranken Landesliga Nord 2223"]
[Site "Mittelfranken"]
[Date "2022.12.11"]
[Round "4.4"]
[White "Kotz, Reinhard"]
[Black "Basel, Matthias"]
[Result "1-0"]
[WhiteElo "2135"]
[BlackElo "1977"]
[PlyCount "67"]
[EventDate "2022.10.09"]
[EventType "team-tourn"]
[EventRounds "9"]
[EventCountry "GER"]
[SourceTitle "EXT 2024"]
[Source "ChessBase"]
[SourceDate "2023.10.10"]
[SourceVersion "1"]
[SourceVersionDate "2023.10.10"]
[SourceQuality "1"]
[WhiteTeam "Herzogenaurach"]
[BlackTeam "Kitzingen"]
[WhiteTeamCountry "GER"]
[BlackTeamCountry "GER"]

1. d4 Nf6 2. Nc3 g6 3. Bf4 Bg7 4. e4 d6 5. Qd2 c6 6. 0-0-0 b5 7. f3 a6 8. Bh6 Bxh6 9. Qxh6 Qa5 10. e5 b4 11. Qg7 Rf8 12. exf6 bxc3 13. fxe7 cxb2+ 14. Kb1 Kxe7 15. Bc4 d5 16. Nh3 Bxh3 17. gxh3 Nd7 18. Rhe1+ Kd6 19. Bb3 Qd8 20. Qh6 Qf6 21. Qd2 a5 22. c4 Rfb8 23. cxd5 a4 24. Qc3 Qf5+ 25. Bc2 Qxd5 26. Re5 Nxe5 27. dxe5+ Ke6 28. Rxd5 cxd5 29. Qc7 Rd8 30. Bxa4 Rac8 31. Bd7+ Rxd7 32. Qxc8 d4 33. Kxb2 Ke7 34. Kc2 1-0

[Event "GER-ch blitz"]
[Site "Magdeburg"]
[Date "2022.08.21"]
[Round "22"]
[White "Arndt, Magnus"]
[Black "Kotz, Reinhard"]
[Result "1-0"]
[WhiteElo "2365"]
[BlackElo "2166"]
[PlyCount "51"]
[EventDate "2022.08.21"]
[EventType "tourn (blitz)"]
[EventRounds "29"]
[EventCountry "GER"]
[EventCategory "5"]
[SourceTitle "CBM 210 Extra"]
[Source "ChessBase"]
[SourceDate "2022.11.30"]
[SourceVersion "1"]
[SourceVersionDate "2022.11.30"]
[SourceQuality "1"]

1. e4 Nf6 2. e5 Nd5 3. c4 Nb6 4. d4 d6 5. exd6 exd6 6. Nc3 Be7 7. Bd3 0-0 8. Nge2 Nc6 9. h3 Bf6 10. 0-0 g6 11. Be3 Nb4 12. Ng3 Nxd3 13. Qxd3 d5 14. c5 Nc4 15. Bh6 Re8 16. b3 Na5 17. Qf3 c6 18. Rad1 b6 19. Na4 Nb7 20. Rfe1 Rxe1+ 21. Rxe1 Bxd4 22. Qf4 bxc5 23. Qc7 Be6 24. Qxb7 Rc8 25. Rxe6 Rc7 26. Qxc7 1-0

[Event "GER-ch blitz"]
[Site "Magdeburg"]
[Date "2022.08.21"]
[Round "11"]
[White "Kotz, Reinhard"]
[Black "Dahl, Christoph"]
[Result "1-0"]
[WhiteElo "2166"]
[BlackElo "2355"]
[PlyCount "165"]
[EventDate "2022.08.21"]
[EventType "tourn (blitz)"]
[EventRounds "29"]
[EventCountry "GER"]
[EventCategory "5"]
[SourceTitle "CBM 210 Extra"]
[Source "ChessBase"]
[SourceDate "2022.11.30"]
[SourceVersion "1"]
[SourceVersionDate "2022.11.30"]
[SourceQuality "1"]

1. e4 c5 2. d4 cxd4 3. c3 dxc3 4. Nxc3 Nc6 5. Nf3 e6 6. Bc4 Qc7 7. 0-0 Nf6 8. Nb5 Qb8 9. e5 Nxe5 10. Nxe5 Qxe5 11. Re1 Qc5 12. Bf1 Be7 13. Be3 Qe5 14. Bxa7 Qxb5 15. Bxb5 Rxa7 16. a4 0-0 17. Qd4 Ra8 18. Red1 d5 19. Rac1 Bd6 20. h3 Bd7 21. Bxd7 Nxd7 22. b3 b6 23. Rc6 Bc5 24. Qd3 Ne5 25. Qb5 Nxc6 26. Qxc6 Rfc8 27. Qb5 Rab8 28. h4 Be7 29. g3 Bf6 30. Rd2 d4 31. Kg2 h6 32. g4 Rc5 33. Qb4 Rd5 34. Rd3 e5 35. f3 Bxh4 36. Qc4 Rbd8 37. Qc6 R5d6 38. Qc7 Bf6 39. b4 Re6 40. a5 bxa5 41. bxa5 Ra8 42. Ra3 e4 43. fxe4 Rxe4 44. Kf3 Ree8 45. a6 Rec8 46. Qb7 Rcb8 47. Qd5 Ra7 48. Qc5 Rba8 49. Qc6 Rb8 50. Ke4 Re7+ 51. Kf3 Ra7 52. Qc4 Re8 53. Qb5 Ree7 54. Qc4 Ra8 55. Rb3 Rea7 56. Rb6 Re7 57. Qb4 Re3+ 58. Kf2 Bh4+ 59. Kg2 Bf6 60. Rb8+ Re8 61. a7 d3 62. Rxe8+ Rxe8 63. Qb8 Rxb8 64. axb8Q+ Kh7 65. Qd6 d2 66. Qxd2 g6 67. Qf4 Kg7 68. Kf3 Bg5 69. Qe5+ Bf6 70. Qc7 h5 71. gxh5 gxh5 72. Kf4 h4 73. Kf5 Ba1 74. Qf4 h3 75. Qg4+ Kf8 76. Qxh3 Bd4 77. Qd3 Ba1 78. Qd5 Kg7 79. Qg2+ Kf8 80. Qa8+ Kg7 81. Qxa1+ f6 82. Qxf6+ Kg8 83. Qe7 1-0

[Event "GER-ch blitz"]
[Site "Magdeburg"]
[Date "2022.08.21"]
[Round "5"]
[White "Kotz, Reinhard"]
[Black "Dubansky, Marcel"]
[Result "0-1"]
[WhiteElo "2166"]
[BlackElo "2225"]
[PlyCount "60"]
[EventDate "2022.08.21"]
[EventType "tourn (blitz)"]
[EventRounds "29"]
[EventCountry "GER"]
[EventCategory "5"]
[SourceTitle "CBM 210 Extra"]
[Source "ChessBase"]
[SourceDate "2022.11.30"]
[SourceVersion "1"]
[SourceVersionDate "2022.11.30"]
[SourceQuality "1"]

1. e4 e5 2. Nf3 Nc6 3. Bc4 Bc5 4. 0-0 Nf6 5. d4 Bxd4 6. Nxd4 Nxd4 7. Bg5 d6 8. f4 Qe7 9. c3 Ne6 10. Bxe6 Qxe6 11. fxe5 Nxe4 12. exd6 Nxg5 13. Re1 Ne4 14. Nd2 f5 15. Qh5+ g6 16. Qh6 Bd7 17. Nxe4 fxe4 18. dxc7 Qe5 19. Rad1 Bc6 20. h4 Rc8 21. h5 gxh5 22. Rd6 Ke7 23. Red1 Rxc7 24. c4 Rg8 25. Qxh7+ Qg7 26. Qxg7+ Rxg7 27. b4 e3 28. b5 Rxg2+ 29. Kf1 e2+ 30. Ke1 exd1Q+ 0-1

[Event "GER-ch blitz"]
[Site "Magdeburg"]
[Date "2022.08.21"]
[Round "19"]
[White "Kotz, Reinhard"]
[Black "Krause, Benedict"]
[Result "1-0"]
[WhiteElo "2166"]
[BlackElo "2478"]
[PlyCount "93"]
[EventDate "2022.08.21"]
[EventType "tourn (blitz)"]
[EventRounds "29"]
[EventCountry "GER"]
[EventCategory "5"]
[SourceTitle "CBM 210 Extra"]
[Source "ChessBase"]
[SourceDate "2022.11.30"]
[SourceVersion "1"]
[SourceVersionDate "2022.11.30"]
[SourceQuality "1"]

1. e4 c6 2. d4 d5 3. e5 Bf5 4. h4 h5 5. Bd3 Bxd3 6. Qxd3 Qa5+ 7. Bd2 Qa6 8. e6 Qxd3 9. cxd3 fxe6 10. Nf3 Nd7 11. 0-0 g6 12. Re1 Bg7 13. Rxe6 Bf6 14. Nc3 Kf7 15. Rae1 Nh6 16. Bxh6 Rxh6 17. Ng5+ Kf8 18. Ne2 Kg8 19. Nf4 Nf8 20. R6e2 Re8 21. Nfe6 Nxe6 22. Rxe6 Kg7 23. Nf3 Rhh8 24. b4 Rhf8 25. a4 a6 26. g3 Rd8 27. Kg2 Rd6 28. Rxd6 exd6 29. Ng5 Bxg5 30. hxg5 Kf7 31. f4 Ra8 32. Kf3 a5 33. Rb1 axb4 34. Rxb4 Ra7 35. g4 hxg4+ 36. Kxg4 Ke6 37. Rb1 Rxa4 38. Rxb7 Rxd4 39. Rg7 Rxd3 40. Rxg6+ Ke7 41. f5 c5 42. f6+ Ke6 43. Rg7 Rd4+ 44. Kf3 Rd1 45. Re7+ Kf5 46. f7 Kxg5 47. Ke2 1-0

[Event "GER-ch blitz"]
[Site "Magdeburg"]
[Date "2022.08.21"]
[Round "21"]
[White "Kotz, Reinhard"]
[Black "Pajeken, Jakob Leon"]
[Result "1/2-1/2"]
[WhiteElo "2166"]
[BlackElo "2475"]
[PlyCount "189"]
[EventDate "2022.08.21"]
[EventType "tourn (blitz)"]
[EventRounds "29"]
[EventCountry "GER"]
[EventCategory "5"]
[SourceTitle "CBM 210 Extra"]
[Source "ChessBase"]
[SourceDate "2022.11.30"]
[SourceVersion "1"]
[SourceVersionDate "2022.11.30"]
[SourceQuality "1"]

1. e4 e5 2. Nf3 Nc6 3. Bc4 Bc5 4. 0-0 Nf6 5. d4 Bxd4 6. Nxd4 Nxd4 7. Bg5 Ne6 8. Bxe6 dxe6 9. Qxd8+ Kxd8 10. Bxf6+ gxf6 11. f4 Ke7 12. Nc3 Bd7 13. Rf2 Rhg8 14. Raf1 Rg7 15. f5 Rf8 16. h3 c6 17. fxe6 fxe6 18. Re1 c5 19. Kh2 Bc6 20. a4 Rd8 21. Re3 Rd4 22. g4 Bxa4 23. Kg3 Bc6 24. Kh4 Rg6 25. Rf1 a5 26. Kg3 b5 27. Rfe1 a4 28. Nd1 Rg8 29. Nf2 Rd2 30. Rc3 c4 31. Kf3 Rgd8 32. Ke3 R8d4 33. b3 b4 34. Rxc4 Rxc4 35. Kxd2 Rc3 36. bxa4 Bxa4 37. Rc1 Bb5 38. Rb1 Rf3 39. Ke1 Re3+ 40. Kd1 Bf1 41. Rxb4 Bxh3 42. Rb7+ Kd6 43. Rxh7 Bg2 44. Rh6 Rf3 45. Ke2 Rf4 46. Ke3 Ke7 47. Rh7+ Kd6 48. Rh6 Bf1 49. Rh7 Bb5 50. Rg7 Bc6 51. g5 f5 52. g6 fxe4 53. Rf7 Rxf7 54. gxf7 Ke7 55. Nxe4 Kxf7 56. Ng5+ Kf6 57. Ne4+ Ke7 58. Ng5 Kd6 59. Nf7+ Kd5 60. Ng5 Be8 61. Ne4 Bg6 62. Nc3+ Kc4 63. Kd2 Bf5 64. Nd1 Kd4 65. Ne3 Ke4 66. Nd1 Kd5 67. Ne3+ Kd4 68. Nd1 Bg4 69. Ne3 Bf3 70. Nf1 Bd5 71. c3+ Kc4 72. Ne3+ Kc5 73. Ng4 e4 74. Ne3 Bb3 75. Ng4 Kd5 76. Ke3 Bc2 77. Nf6+ Ke5 78. Nd7+ Kf5 79. Nc5 Ke5 80. Nd7+ Kd6 81. Nf6 Ke5 82. Nd7+ Kf5 83. Nc5 Bb1 84. Nb3 Ke5 85. Nd4 Bd3 86. Nc6+ Kd5 87. Ne7+ Kc4 88. Ng6 Kd5 89. Nf4+ Ke5 90. Nxd3+ exd3 91. Kxd3 Kd5 92. Ke3 Kc4 93. Ke4 Kxc3 94. Ke5 Kc4 95. Kxe6 1/2-1/2

[Event "GER-ch blitz"]
[Site "Magdeburg"]
[Date "2022.08.21"]
[Round "27"]
[White "Kotz, Reinhard"]
[Black "Schneider, Ilja"]
[Result "0-1"]
[WhiteElo "2166"]
[BlackElo "2525"]
[PlyCount "164"]
[EventDate "2022.08.21"]
[EventType "tourn (blitz)"]
[EventRounds "29"]
[EventCountry "GER"]
[EventCategory "5"]
[SourceTitle "CBM 210 Extra"]
[Source "ChessBase"]
[SourceDate "2022.11.30"]
[SourceVersion "1"]
[SourceVersionDate "2022.11.30"]
[SourceQuality "1"]

1. e4 Nc6 2. Nf3 f5 3. exf5 d5 4. d4 Bxf5 5. Bb5 e6 6. Bxc6+ bxc6 7. 0-0 Bd6 8. h3 Ne7 9. c4 dxc4 10. Nbd2 Bd3 11. Re1 0-0 12. Ne5 Bxe5 13. dxe5 Nd5 14. Nf3 Nb4 15. Bg5 Qe8 16. Rc1 Nxa2 17. Ra1 Nb4 18. Rc1 a5 19. b3 Na2 20. Ra1 Nc3 21. Qd2 Ne4 22. Qe3 Qg6 23. bxc4 Rxf3 24. Qxf3 Nxg5 25. Qg3 Bxc4 26. h4 Nf7 27. Qc3 Bd5 28. f3 a4 29. Kf2 Nh6 30. Qb4 Nf5 31. Kg1 Bxf3 32. Qd2 Nxh4 33. Qf2 Bd5 34. Re3 Nf3+ 35. Rxf3 Bxf3 36. Qxf3 Qe8 37. Qc3 h6 38. Qc4 Qd7 39. Kh2 Qd5 40. Qf4 Rf8 41. Qg3 Rf5 42. Rxa4 Qxe5 43. Qxe5 Rxe5 44. Ra7 Rd5 45. Rxc7 c5 46. Re7 e5 47. Kg3 Kh7 48. Kg4 c4 49. Rc7 Rd2 50. g3 Rc2 51. Kf5 Rg2 52. g4 Rc2 53. Kxe5 Kg6 54. Kf4 c3 55. Rc6+ Kh7 56. Rc7 Rc1 57. Kg3 c2 58. Kg2 Kg8 59. Kh2 Kf8 60. Kg2 Ke8 61. Kh2 Kd8 62. Rc3 Ke7 63. Kg2 Kd6 64. g5 h5 65. Kh2 g6 66. Kg2 Ke5 67. Kh2 Kf4 68. Rc5 Kg4 69. Kg2 h4 70. Kh2 h3 71. Rc4+ Kxg5 72. Rc5+ Kf6 73. Rc6+ Ke7 74. Rc3 g5 75. Re3+ Kf6 76. Rf3+ Kg6 77. Rc3 g4 78. Rc6+ Kf5 79. Rc5+ Ke6 80. Rc3 g3+ 81. Rxg3 Rb1 82. Re3+ Kd5 0-1

[Event "GER-ch blitz"]
[Site "Magdeburg"]
[Date "2022.08.21"]
[Round "10"]
[White "Voege, Tobias"]
[Black "Kotz, Reinhard"]
[Result "0-1"]
[WhiteElo "2360"]
[BlackElo "2166"]
[PlyCount "68"]
[EventDate "2022.08.21"]
[EventType "tourn (blitz)"]
[EventRounds "29"]
[EventCountry "GER"]
[EventCategory "5"]
[SourceTitle "CBM 210 Extra"]
[Source "ChessBase"]
[SourceDate "2022.11.30"]
[SourceVersion "1"]
[SourceVersionDate "2022.11.30"]
[SourceQuality "1"]

1. d4 Nf6 2. c4 g6 3. Nc3 Bg7 4. Nf3 d6 5. Bg5 0-0 6. e3 c5 7. d5 a6 8. a4 e6 9. Be2 exd5 10. cxd5 Re8 11. 0-0 Bf5 12. Nd2 h6 13. Bh4 Qc7 14. Nc4 Ne4 15. Qb3 Nxc3 16. bxc3 Nd7 17. Bg3 Ne5 18. Nb6 Rad8 19. a5 c4 20. Qb4 Qc5 21. Qxc5 dxc5 22. Ra3 Bd3 23. Re1 Nd7 24. Bc7 Nxb6 25. Bxd8 Nxd5 26. Bxd3 cxd3 27. Bb6 Bxc3 28. Rd1 c4 29. f3 Bb4 30. Ra4 Rc8 31. e4 Nxb6 32. Rxb4 c3 33. axb6 c2 34. Rc1 d2 0-1

[Event "Mittelfranken Landesliga Nord 2122"]
[Site "Mittelfranken"]
[Date "2022.03.13"]
[Round "6.2"]
[White "Barth, Norbert"]
[Black "Kotz, Reinhard"]
[Result "1-0"]
[WhiteElo "2202"]
[BlackElo "2152"]
[PlyCount "80"]
[EventDate "2021.10.24"]
[EventType "team-tourn"]
[EventRounds "9"]
[EventCountry "GER"]
[SourceTitle "EXT 2024"]
[Source "ChessBase"]
[SourceDate "2023.10.10"]
[SourceVersion "1"]
[SourceVersionDate "2023.10.10"]
[SourceQuality "1"]
[WhiteTeam "Schwandorf"]
[BlackTeam "Herzogenaurach"]
[WhiteTeamCountry "GER"]
[BlackTeamCountry "GER"]

1. e4 Nf6 2. e5 Nd5 3. b3 d6 4. exd6 cxd6 5. Bb2 Nc6 6. g3 Bf5 7. Bg2 Ndb4 8. Na3 Rc8 9. d3 e5 10. Nf3 Be7 11. 0-0 0-0 12. Ne1 a5 13. Nb5 d5 14. c3 Na6 15. d4 Qb6 16. a4 exd4 17. Bxd5 dxc3 18. Bxc3 Nc7 19. Nxc7 Rxc7 20. Qf3 Bg6 21. Ng2 Nd4 22. Bxd4 Qxd4 23. Rac1 Rxc1 24. Rxc1 b6 25. Nf4 Bc5 26. Nxg6 hxg6 27. Rc4 Qe5 28. Rf4 Qe7 29. h4 Ba3 30. Kg2 Bb2 31. Qg4 Be5 32. Rf3 Kh7 33. h5 gxh5 34. Qxh5+ Kg8 35. Re3 Re8 36. Rxe5 Qxe5 37. Bxf7+ Kf8 38. Bxe8 Qxe8 39. Qxe8+ Kxe8 40. Kf3 Ke7 1-0

[Event "DSOL 01 Liga Gr-A 1st"]
[Site "Playchess.com INT"]
[Date "2020.08.05"]
[Round "7.2"]
[White "Wolter, Detlev"]
[Black "Kotz, Reinhard"]
[Result "1-0"]
[WhiteElo "2175"]
[BlackElo "2171"]
[PlyCount "89"]
[EventDate "2020.06.22"]
[EventType "team-tourn (rapid)"]
[EventCountry "GER"]
[SourceTitle "EXT 2021"]
[Source "ChessBase"]
[SourceDate "2020.10.23"]
[SourceVersion "1"]
[SourceVersionDate "2020.10.23"]
[SourceQuality "1"]
[WhiteTeam "Koeln Lasker"]
[BlackTeam "Herzogenaurach"]
[WhiteTeamCountry "GER"]
[BlackTeamCountry "GER"]

1. d4 d6 2. g3 g6 3. Bg2 Bg7 4. c4 Nf6 5. Nc3 0-0 6. Nf3 Nc6 7. 0-0 a6 8. b3 Rb8 9. a4 Nd7 10. Bb2 e5 11. e3 exd4 12. exd4 Re8 13. Qd2 Na5 14. Qc2 Nf8 15. d5 Bf5 16. Qd1 c6 17. Ra2 b5 18. axb5 axb5 19. cxb5 cxb5 20. Nh4 Bd7 21. Ne4 Bxb2 22. Rxb2 Qe7 23. Qd4 Qe5 24. Nf6+ Kh8 25. Nf3 Qxd4 26. Nxd4 Rec8 27. Ra1 Nb7 28. b4 Ra8 29. Rbb1 Rxa1 30. Rxa1 Rc4 31. Nc6 Bf5 32. Bf1 Rc2 33. g4 Bd7 34. Nxd7 Nxd7 35. Ra7 Nbc5 36. bxc5 Nxc5 37. Bxb5 Kg7 38. Nd8 Ne4 39. Rxf7+ Kh6 40. h4 g5 41. Bd3 Rc1+ 42. Kg2 Re1 43. f3 gxh4 44. Bxe4 Kg5 45. Ne6+ 1-0

[Event "Landesliga Nord 1920"]
[Site "Bayern"]
[Date "2019.12.08"]
[Round "4.3"]
[White "Kotz, Reinhard"]
[Black "Becker, Alexander1111"]
[Result "1-0"]
[WhiteElo "2171"]
[BlackElo "1941"]
[PlyCount "81"]
[EventDate "2019.09.29"]
[EventType "team-tourn"]
[EventRounds "9"]
[EventCountry "GER"]
[SourceTitle "EXT 2021"]
[Source "ChessBase"]
[SourceDate "2020.10.23"]
[SourceVersion "1"]
[SourceVersionDate "2020.10.23"]
[SourceQuality "1"]
[WhiteTeam "Herzogenaurach"]
[BlackTeam "Kronach"]
[WhiteTeamCountry "GER"]
[BlackTeamCountry "GER"]

1. e4 d6 2. d4 Nf6 3. Nc3 Nbd7 4. f4 e5 5. Nf3 exd4 6. Qxd4 c6 7. Be3 d5 8. Qd3 Bc5 9. 0-0-0 Qe7 10. Nd2 0-0 11. Be2 Bxe3 12. Qxe3 Nc5 13. e5 Ng4 14. Qg1 f6 15. Re1 fxe5 16. Bxg4 Bxg4 17. Rxe5 Qd6 18. h3 Bd7 19. g3 Rae8 20. Nf3 b6 21. Qd4 Ne6 22. Qd2 Nc7 23. h4 Bg4 24. Rxe8 Rxe8 25. Ne5 Bc8 26. Ne4 Qe6 27. Ng5 Qf6 28. h5 c5 29. h6 g6 30. Ngf3 d4 31. Re1 Nd5 32. c3 Bf5 33. g4 Be6 34. f5 Bf7 35. cxd4 Nb4 36. a3 Na2+ 37. Kb1 Bb3 38. Re3 c4 39. Nd7 Qd8 40. Rxe8+ Qxe8 41. Nf6+ 1-0

[Event "Landesliga Nord 1920"]
[Site "Bayern"]
[Date "2019.11.10"]
[Round "2.3"]
[White "Kotz, Reinhard"]
[Black "Nehls, Benedikt"]
[Result "1-0"]
[WhiteElo "2171"]
[BlackElo "2045"]
[PlyCount "32"]
[EventDate "2019.09.29"]
[EventType "team-tourn"]
[EventRounds "9"]
[EventCountry "GER"]
[SourceTitle "EXT 2021"]
[Source "ChessBase"]
[SourceDate "2020.10.23"]
[SourceVersion "1"]
[SourceVersionDate "2020.10.23"]
[SourceQuality "1"]
[WhiteTeam "Herzogenaurach"]
[BlackTeam "Erlangen SC II"]
[WhiteTeamCountry "GER"]
[BlackTeamCountry "GER"]

1. e4 c5 2. d4 cxd4 3. c3 dxc3 4. Nxc3 Nc6 5. Nf3 e6 6. Bc4 Nf6 7. 0-0 Qc7 8. Nb5 Qb8 9. e5 a6 10. exf6 axb5 11. fxg7 Bxg7 12. Bxb5 0-0 13. a4 Kh8 14. Ra3 h6 15. Re1 d6 16. Nh4 e5 1-0

[Event "Mittelfranken-ch HT"]
[Site "Nuremberg"]
[Date "2019.04.20"]
[Round "9.4"]
[White "Loellmann, Heinrich"]
[Black "Kotz, Reinhard"]
[Result "0-1"]
[WhiteElo "1921"]
[BlackElo "2153"]
[PlyCount "74"]
[EventDate "2019.04.16"]
[EventType "swiss"]
[EventRounds "9"]
[EventCountry "GER"]
[SourceTitle "EXT 2022"]
[Source "ChessBase"]
[SourceDate "2021.10.06"]
[SourceVersion "1"]
[SourceVersionDate "2021.10.06"]
[SourceQuality "1"]

1. e4 Nf6 2. Nc3 d5 3. exd5 Nxd5 4. Nxd5 Qxd5 5. Nf3 Bf5 6. d3 c5 7. Be2 Nc6 8. 0-0 g6 9. Nh4 Be6 10. Bf3 Qd7 11. Bxc6 Qxc6 12. f4 Qd7 13. Be3 Bg7 14. c3 b6 15. Nf3 0-0 16. Ne5 Qc7 17. d4 Rad8 18. Qd2 cxd4 19. Bxd4 f6 20. Nd3 Bf5 21. Qe2 Qc4 22. Nc1 Qd5 23. Re1 e5 24. fxe5 fxe5 25. Be3 Qe4 26. Bg5 Rd7 27. Qxe4 Bxe4 28. Nb3 Bd3 29. Nd2 h6 30. Be3 b5 31. a3 Rfd8 32. Nb3 Bf5 33. Kf2 Bf8 34. Rac1 Be6 35. Nc5 Bxc5 36. Bxc5 Rd2+ 37. Kg1 Bd5 0-1

[Event "Mittelfranken-ch HT"]
[Site "Nuremberg"]
[Date "2019.04.19"]
[Round "7.3"]
[White "Kroneder, Christian"]
[Black "Kotz, Reinhard"]
[Result "0-1"]
[WhiteElo "2045"]
[BlackElo "2153"]
[PlyCount "42"]
[EventDate "2019.04.16"]
[EventType "swiss"]
[EventRounds "9"]
[EventCountry "GER"]
[SourceTitle "EXT 2022"]
[Source "ChessBase"]
[SourceDate "2021.10.06"]
[SourceVersion "1"]
[SourceVersionDate "2021.10.06"]
[SourceQuality "1"]

1. d4 Nf6 2. Bf4 g6 3. Nc3 d5 4. e3 Bg7 5. h4 h5 6. Nf3 0-0 7. Qd2 c5 8. dxc5 Nbd7 9. 0-0-0 Nxc5 10. Ne5 Be6 11. f3 Qb6 12. Qd4 Rac8 13. Na4 Nxa4 14. Qxa4 Nd7 15. Nd3 Rc4 16. Qb3 Rfc8 17. Rd2 Qa5 18. a3 b5 19. Nb4 Nc5 20. Bxc4 dxc4 21. Qa2 Nb3+ 0-1

[Event "Oberliga Bayern 1819"]
[Site "Bayern"]
[Date "2019.01.20"]
[Round "5.3"]
[White "Quast, Michael"]
[Black "Kotz, Reinhard"]
[Result "1/2-1/2"]
[WhiteElo "2293"]
[BlackElo "2171"]
[PlyCount "42"]
[EventDate "2018.10.21"]
[EventType "team-tourn"]
[EventRounds "9"]
[EventCountry "GER"]
[SourceTitle "EXT 2020"]
[Source "ChessBase"]
[SourceDate "2019.10.17"]
[SourceVersion "1"]
[SourceVersionDate "2019.10.17"]
[SourceQuality "1"]
[WhiteTeam "Regensburg Post/Sued"]
[BlackTeam "Herzogenaurach"]
[WhiteTeamCountry "GER"]
[BlackTeamCountry "GER"]

1. d4 Nf6 2. Bf4 g6 3. e3 Bg7 4. h3 d6 5. Nf3 0-0 6. Be2 c5 7. c3 Qb6 8. Qb3 Be6 9. Qxb6 axb6 10. a3 Bd5 11. Nbd2 Bc6 12. 0-0 b5 13. dxc5 dxc5 14. Ne5 Nd5 15. Bh2 c4 16. Nxc6 bxc6 17. Ne4 Nd7 18. Rad1 Rfc8 19. Bf3 Be5 20. Bxe5 Nxe5 21. Nc5 Rd8 1/2-1/2

[Event "Forchheim op 17th"]
[Site "Forchheim"]
[Date "2018.09.21"]
[Round "1"]
[White "Krassowizkij, Jaroslaw"]
[Black "Kotz, Reinhard"]
[Result "1-0"]
[WhiteElo "2439"]
[BlackElo "2171"]
[PlyCount "69"]
[EventDate "2018.09.21"]
[EventType "swiss"]
[EventRounds "5"]
[EventCountry "GER"]
[SourceTitle "EXT 2019"]
[Source "ChessBase"]
[SourceDate "2018.10.10"]
[SourceVersion "1"]
[SourceVersionDate "2018.10.10"]
[SourceQuality "1"]

1. d4 d5 2. c4 e6 3. Nc3 Nf6 4. cxd5 exd5 5. Bg5 Nbd7 6. e3 c6 7. Bd3 h6 8. Bh4 Be7 9. f3 0-0 10. Nge2 Re8 11. Qd2 b5 12. Rc1 Nb6 13. b3 Be6 14. Nf4 Bd7 15. Bf2 Qc7 16. 0-0 Qb7 17. e4 dxe4 18. fxe4 Bb4 19. Rfe1 Rad8 20. Bb1 Nh7 21. Qd3 Nf8 22. Qg3 Nc8 23. d5 Bd6 24. Bd4 Ng6 25. e5 Nxe5 26. Ne4 Qb8 27. dxc6 Ng6 28. cxd7 Rxe4 29. Rxe4 Nce7 30. Nxg6 Bxg3 31. Nxe7+ Kf8 32. Rc8 Bxh2+ 33. Kh1 Bc7 34. Bc5 Rxc8 35. Nxc8+ 1-0

[Event "Oberliga Bayern 1718"]
[Site "Bayern"]
[Date "2018.02.04"]
[Round "6.3"]
[White "Popovic, Dusan"]
[Black "Kotz, Reinhard"]
[Result "1-0"]
[WhiteElo "2521"]
[BlackElo "2160"]
[PlyCount "69"]
[EventDate "2017.10.22"]
[EventType "team-tourn"]
[EventRounds "9"]
[EventCountry "GER"]
[SourceTitle "EXT 2020"]
[Source "ChessBase"]
[SourceDate "2019.10.17"]
[SourceVersion "1"]
[SourceVersionDate "2019.10.17"]
[SourceQuality "1"]
[WhiteTeam "Deggendorf"]
[BlackTeam "Herzogenaurach"]
[WhiteTeamCountry "GER"]
[BlackTeamCountry "GER"]

1. e4 Nf6 2. e5 Nd5 3. d4 d6 4. Nf3 dxe5 5. Nxe5 c6 6. h3 Nd7 7. Nf3 g6 8. c4 N5f6 9. Nc3 Bg7 10. Be2 0-0 11. Bf4 Re8 12. 0-0 Nf8 13. Re1 Be6 14. Qd2 a6 15. Rad1 Qa5 16. a3 c5 17. d5 Bf5 18. g4 Bc8 19. Ne5 N6d7 20. Bf3 Nxe5 21. Bxe5 Bxe5 22. Rxe5 Nd7 23. Re2 f6 24. Qh6 Ne5 25. Rxe5 fxe5 26. Ne4 Qc7 27. d6 exd6 28. Nf6+ Kh8 29. Nxe8 Qf7 30. Nxd6 Qxf3 31. Nf7+ Qxf7 32. Rd8+ Qg8 33. Qg5 Qxd8 34. Qxd8+ Kg7 35. Qe7+ 1-0

[Event "Oberliga Bayern 1718"]
[Site "Bayern"]
[Date "2017.11.26"]
[Round "3.3"]
[White "Unzicker, Ferdinand"]
[Black "Kotz, Reinhard"]
[Result "1-0"]
[WhiteElo "2312"]
[BlackElo "2160"]
[PlyCount "61"]
[EventDate "2017.10.22"]
[EventType "team-tourn"]
[EventRounds "9"]
[EventCountry "GER"]
[SourceTitle "EXT 2020"]
[Source "ChessBase"]
[SourceDate "2019.10.17"]
[SourceVersion "1"]
[SourceVersionDate "2019.10.17"]
[SourceQuality "1"]
[WhiteTeam "Bayern Muenchen II"]
[BlackTeam "Herzogenaurach"]
[WhiteTeamCountry "GER"]
[BlackTeamCountry "GER"]

1. d4 Nf6 2. c4 g6 3. Nc3 Bg7 4. e4 d6 5. f3 0-0 6. Nge2 c5 7. d5 e6 8. Ng3 exd5 9. cxd5 a6 10. Bf4 b5 11. Qd2 Re8 12. Be2 h5 13. Bg5 Nbd7 14. 0-0 b4 15. Nd1 a5 16. Rc1 Ba6 17. Bxa6 Rxa6 18. Nh1 Qb6 19. Nhf2 Qb5 20. Bh6 Bh8 21. Ne3 Nb6 22. Bf4 Nc8 23. Nc4 Nd7 24. Kh1 Ndb6 25. b3 Nxc4 26. bxc4 Qd7 27. g4 hxg4 28. Nxg4 a4 29. Bg5 Ra7 30. Bf6 Rxe4 31. Qh6 1-0

[Event "Zirndorf Cup"]
[Site "Zirndorf"]
[Date "2017.09.03"]
[Round "7"]
[White "Kotz, Reinhard"]
[Black "Miller, Eduard"]
[Result "1/2-1/2"]
[WhiteElo "2164"]
[BlackElo "2332"]
[PlyCount "53"]
[EventDate "2017.08.30"]
[EventType "swiss"]
[EventRounds "7"]
[EventCountry "GER"]
[SourceTitle "CBM 180 Extra"]
[Source "ChessBase"]
[SourceDate "2017.10.06"]
[SourceVersion "1"]
[SourceVersionDate "2017.10.06"]
[SourceQuality "1"]

1. e4 e5 2. Nf3 Nc6 3. d4 exd4 4. Nxd4 Qf6 5. Nf3 Bc5 6. Nc3 Ne5 7. Nd5 Nxf3+ 8. gxf3 Qd8 9. Bf4 d6 10. Rg1 c6 11. Nc3 Ne7 12. Qd2 Ng6 13. Be3 0-0 14. 0-0-0 Qh4 15. Rg3 Qxh2 16. Bg2 Bxe3 17. Qxe3 Qh4 18. Rxd6 Be6 19. Rd1 Rfd8 20. Rh1 Qf6 21. Bh3 Rd7 22. Bxe6 fxe6 23. Rgh3 h6 24. Rg3 e5 25. Ne2 Kh7 26. Rg4 Rf7 27. Rhg1 1/2-1/2